Spolovice sprivatizovaná Biotika zostáva v hre
Cenné papiere Biotiky zostávajú v hre aj po skončení verejnej súťaže. Verejná súťaž na predaj akcií a dlhopisov Biotiky, a.s. Slovenská Ľupča sa napriek ponukám troch záujemcov skončila neúspešne. FNM SR sa rozhodol, že cenné papiere predá formou priameho predaja.
Enregistré dans:
| Auteur principal: | |
|---|---|
| Format: | Chapitre de livre |
| Langue: | slovaque |
| Sujets: | |
| Tags: |
Pas de tags, Soyez le premier à ajouter un tag!
|
MARC
| LEADER | 00000naa a2200000 4500 | ||
|---|---|---|---|
| 001 | r020586 | ||
| 005 | 20221205103117.8 | ||
| 041 | 0 | |a slo | |
| 044 | |a SK | ||
| 245 | 1 | 0 | |a Spolovice sprivatizovaná Biotika zostáva v hre |c J. Hajko |
| 520 | |a Cenné papiere Biotiky zostávajú v hre aj po skončení verejnej súťaže. Verejná súťaž na predaj akcií a dlhopisov Biotiky, a.s. Slovenská Ľupča sa napriek ponukám troch záujemcov skončila neúspešne. FNM SR sa rozhodol, že cenné papiere predá formou priameho predaja. | ||
| 610 | 2 | 0 | |a Biotika, a.s. Slovenská Ľupča |
| 610 | 2 | 0 | |a FNM SR Bratislava |
| 610 | 2 | 0 | |a papiere cenné |
| 610 | 2 | 0 | |a dlhopisy |
| 610 | 2 | 0 | |a súťaž verejná |
| 610 | 2 | 0 | |a akcie |
| 610 | 2 | 0 | |a privatizácia |
| 610 | 2 | 0 | |a predaj priamy |
| 610 | 2 | 0 | |a výsledok hospodársky |
| 100 | 1 | |a Hajko, J. | |